02557nam a2200277 u 4500001000800000005001700008007001000025008004100035035001200076040001300088041000800101080000700109100004700116245010200163260004300265300001300308520138500321650004801706650004801754650005301802700005001855942001001905999001901915500017801934952016702112128009420260508072135.0co|||||||120423s2012 spa  a1280094 ccomduadb aspa aWB10aArango García, Julieta4auteaut949429610aCaracterización de la población en situación de discapacidad en el municipio de Maceo, 2009 aMedellín :b[sin publicador],c2012. a1 CD-ROM3 aLa Organización Mundial de la Salud (OMS) estima que cada año se pierden unos 500 millones de años de vida por causa de discapacidades asociadas a problemas de salud, constituyendo más de la mitad de los años perdidos anualmente por muertes prematuras. El acceso a los servicios de salud de la población en situación de discapacidad abarca muchos aspectos en los que pueden surgir obstáculos, tales como el acceso físico a los edificios, calles y transportes o el acceso a la información a través de los medios impresos y electrónicos. Así mismo, el acceso a la cobertura, el acceso a la atención en salud, a la prestación de servicios como la atención hospitalaria, los tratamientos médicos como la rehabilitación, medicamentos, cirugías, ayudas técnicas y demás; por lo tanto, se debe tratar de reducir la estigmatización y discriminación, que se encuentran a menudo entre los motivos por los que las personas con discapacidad se ven excluidas de la educación, el empleo, la salud y otros servicios.Objetivo general : Caracterizar algunos determinantes de salud que afectan la población en situación de discapacidad, las causas, las consecuencias y el tipo de alteraciones, para la realización de propuestas que contribuyan al mejoramiento de la calidad de vida de esta población en el municipio de Maceo, Antioquia. 2009. aDiscapacidad - Condiciones sociales9191961 aAccesibilidad de los discapacitados9129017 aDiscapacitados - Proteccion y asistencia918145910aVargas Peña, Gilma Stella4thseths9485962 cTESIS c608446d608446 aTesis (Administrador de Salud con Énfasis en Gestión de Servicios de Salud). Universidad de Antioquia. Facultad Nacional de Salud Pública - Título del grado otorgado 001040708DIGITALaBSPbBSPd2012-04-23eMaterial adquirido por donacióniC1142600l0oWB320 A7-12 CD-ROMp800544r2023-05-01 00:00:00t1w2023-05-01yDIGITAL